[Event "Novokuznetsk School op"]
[Site "Novokuznetsk"]
[Date "2011.06.15"]
[Round "5"]
[White "Bochkarev, Semen"]
[Black "Geyko, Roman"]
[Result "0-1"]
[WhiteElo "1939"]
[BlackElo "1937"]
[PlyCount "30"]
[EventDate "2011.06.15"]
[EventType "swiss"]
[EventRounds "9"]
[EventCountry "RUS"]
[SourceTitle "EXT 2022"]
[Source "ChessBase"]
[SourceDate "2021.10.06"]
[SourceVersion "1"]
[SourceVersionDate "2021.10.06"]
[SourceQuality "1"]

1. e4 c5 2. Nc3 Nc6 3. Bb5 Nd4 4. Bc4 e6 5. Nge2 Nf6 6. d3 Be7 7. Nxd4 cxd4 8. Ne2 Bc5 9. 0-0 a6 10. Bg5 h6 11. Bh4 b5 12. Bb3 Bb7 13. f4 Qc7 14. f5 Ng4 15. fxe6 Qxh2# 0-1

[Event "Sibiria Region-ch"]
[Site "Barnaul"]
[Date "2011.05.26"]
[Round "7"]
[White "Kardashevskiy, Evgeny"]
[Black "Geyko, Roman"]
[Result "1/2-1/2"]
[WhiteElo "1921"]
[BlackElo "1931"]
[PlyCount "120"]
[EventDate "2011.05.20"]
[EventType "swiss"]
[EventRounds "9"]
[EventCountry "RUS"]
[SourceTitle "EXT 2012"]
[Source "ChessBase"]
[SourceDate "2011.11.24"]
[SourceVersion "1"]
[SourceVersionDate "2011.11.24"]
[SourceQuality "1"]

1. d4 Nf6 2. c4 c5 3. d5 e6 4. Nc3 exd5 5. cxd5 d6 6. e4 g6 7. Nf3 Bg7 8. Be2 0-0 9. 0-0 a6 10. a4 Re8 11. Qc2 Qe7 12. Nd2 Nbd7 13. h3 g5 14. Nc4 Nxe4 15. Nxe4 Qxe4 16. Qxe4 Rxe4 17. Be3 Bf8 18. Bd3 Re8 19. Bxg5 f6 20. Bh4 Rb8 21. Bf5 Ne5 22. Bxc8 Nxc4 23. Be6+ Kg7 24. f4 Be7 25. Rfe1 Rf8 26. b3 Na5 27. Re3 Bd8 28. Bf5 b5 29. axb5 Rxb5 30. Re6 Nb7 31. Rxa6 Rxb3 32. Ra7 c4 33. Kh2 c3 34. Rxd6 Bc7 35. Rd7+ Rf7 36. Rxf7+ Kxf7 37. Be6+ Ke7 38. d6+ Kxe6 39. dxc7 Kd7 40. Ra4 Nd6 41. Ra1 Ne4 42. Ra4 Nd2 43. Be1 Kxc7 44. Bxd2 cxd2 45. Rd4 Rb2 46. Kg3 Kc6 47. Kg4 Kc5 48. Rd7 Kc4 49. Kf5 Kc3 50. Kxf6 Rb4 51. Ke5 Rc4 52. f5 Kc2 53. f6 Rc3 54. Rxd2+ Kxd2 55. f7 Rc8 56. g4 Ke3 57. Kf6 Kf4 58. Kg7 Kg5 59. f8Q Rxf8 60. Kxf8 h6 1/2-1/2

[Event "Novokuznetsk-ch"]
[Site "Novokuznetsk"]
[Date "2011.??.??"]
[Round "8"]
[White "Geyko, Roman"]
[Black "Shukan, Mikhail"]
[Result "0-1"]
[WhiteElo "1937"]
[BlackElo "2079"]
[PlyCount "38"]
[EventDate "2011.11.19"]
[EventType "swiss"]
[EventRounds "9"]
[EventCountry "RUS"]
[SourceTitle "EXT 2013"]
[Source "ChessBase"]
[SourceDate "2012.11.22"]
[SourceVersion "1"]
[SourceVersionDate "2012.11.22"]
[SourceQuality "1"]

1. e4 d5 2. exd5 Qxd5 3. Nc3 Qa5 4. d4 Nf6 5. Nf3 c6 6. Bc4 Bf5 7. Bd2 e6 8. Ne5 Nbd7 9. Nd3 Qc7 10. Qe2 Bd6 11. h3 0-0-0 12. 0-0-0 e5 13. dxe5 Nxe5 14. Nxe5 Bxe5 15. Qf3 Bg6 16. Rhe1 Rhe8 17. a3 Re7 18. g4 Rxd2 19. Rxd2 Bxc3 0-1

[Event "Novokuznetsk-ch op"]
[Site "Novokuznetsk"]
[Date "2010.11.14"]
[Round "1"]
[White "Geyko, Roman"]
[Black "Anokhin, Viktor T"]
[Result "1-0"]
[WhiteElo "1865"]
[BlackElo "2091"]
[PlyCount "75"]
[EventDate "2010.11.14"]
[EventType "swiss"]
[EventRounds "9"]
[EventCountry "RUS"]
[SourceTitle "EXT 2022"]
[Source "ChessBase"]
[SourceDate "2021.10.06"]
[SourceVersion "1"]
[SourceVersionDate "2021.10.06"]
[SourceQuality "1"]

1. e4 c6 2. d4 d5 3. Nd2 dxe4 4. Nxe4 Bf5 5. Ng3 Bg6 6. h4 h6 7. h5 Bh7 8. Nf3 Nd7 9. Bd3 Bxd3 10. Qxd3 Qc7 11. Bd2 e6 12. 0-0-0 Ngf6 13. Qe2 0-0-0 14. c4 Bd6 15. c5 Bf4 16. Bxf4 Qxf4+ 17. Kb1 Rhe8 18. Ne5 Re7 19. Nc4 Kb8 20. Nd6 Nf8 21. Ngf5 Nd5 22. Nxe7 Nxe7 23. Rh3 f6 24. Rg3 Nf5 25. Rg4 Qh2 26. Nxf5 exf5 27. Rxg7 Qh4 28. g4 Nd7 29. gxf5 Qf4 30. Qe6 Nxc5 31. Qxf6 Qe4+ 32. Ka1 Qd5 33. Qe7 Rd7 34. Qf6 Rd8 35. Qxh6 Qxf5 36. Rdg1 Ne6 37. Rg8 Qxf2 38. Qxe6 1-0